Territory of Desire : (Record no. 42345)
[ view plain ]
| 000 -LEADER | |
|---|---|
| fixed length control field | 03096nam a22004097a 4500 |
| 005 - DATE AND TIME OF LATEST TRANSACTION | |
| control field | 20100818111544.0 |
| 010 ## - LCCN (DPL NO) | |
| LC control number | ENG-100759 B-453813-817 B-462782-786 |
| 020 ## - INTERNATIONAL STANDARD BOOK NUMBER | |
| International Standard Book Number | 8178242680 |
| Terms of availability | 695.00 |
| 020 ## - INTERNATIONAL STANDARD BOOK NUMBER | |
| International Standard Book Number | 97881782472682 |
| Terms of availability | 695.00 |
| 035 ## - SYSTEM CONTROL NUMBER | |
| System control number | EN-84292 B-453813-817 -B-462782-786 |
| 037 ## - SOURCE OF ACQUISITION | |
| Source of stock number/acquisition | DBAD/PUB |
| 037 ## - SOURCE OF ACQUISITION | |
| Source of stock number/acquisition | RBC/Ven |
| 037 ## - SOURCE OF ACQUISITION | |
| Source of stock number/acquisition | Allied Pub/Ven |
| 082 ## - DEWEY DECIMAL CLASSIFICATION NUMBER | |
| Classification number | 954.01 |
| 100 ## - MAIN ENTRY--PERSONAL NAME | |
| Personal name | Kabir, Ananya Jahanara |
| 245 ## - TITLE STATEMENT | |
| Title | Territory of Desire : |
| Remainder of title | representing the valley of Kashmir / |
| Statement of responsibility, etc | by Ananya Jahanara Kabir |
| 260 ## - PUBLICATION, DISTRIBUTION, ETC. (IMPRINT) | |
| Place of publication, distribution, etc | Ranikhet |
| Name of publisher, distributor, etc | Permanent Black |
| Date of publication, distribution, etc | 2009 |
| 270 ## - ADDRESS | |
| Address | Himalayana', Mall Road, Ranikhet Cantt |
| City | Ranikhet |
| Postal code | 263645 |
| 300 ## - PHYSICAL DESCRIPTION | |
| Extent | xii,263p. |
| Dimensions | 22cm (Hb) |
| Accompanying material | b&w photos |
| 500 ## - GENERAL NOTE | |
| General note | Includes bibliographical references and index |
| 650 ## - SUBJECT ADDED ENTRY--TOPICAL TERM | |
| Topical term or geographic name as entry element | Art & social conflict |
| 650 ## - SUBJECT ADDED ENTRY--TOPICAL TERM | |
| Topical term or geographic name as entry element | Value of Kashmir |
| Geographic subdivision | India |
| 942 ## - ADDED ENTRY ELEMENTS (KOHA) | |
| Source of classification or shelving scheme | Dewey Decimal Classification |
| Item type | English Books |
| Classification part | 954.01 |
| Call number suffix | KAB |
| Withdrawn status | Lost status | Not for loan | Collection code | Home library | Current library | Date acquired | Source of acquisition | Cost, normal purchase price | Full call number | Barcode | Copy number | Cost, replacement price | Koha item type |
|---|---|---|---|---|---|---|---|---|---|---|---|---|---|
| Non-fiction | Andrews Gunj | Andrews Gunj | 25/05/2012 | Allied Pub/1892/07.02.2012/21/16.01.2012/15.02.2012 | 695.00 | 954.01 KAB | B-462784 | 1 | 695.00 | English Books | |||
| Non-fiction | Central Library | Central Library | 24/02/2012 | RBC Pub/26777/20.10.2011/07/15.09.11/30.11.11 | 695.00 | 954.01 KAB | B-453813 | 1 | 695.00 | English Books | |||
| Not For Loan | Non-fiction | D.B.Act.Division | D.B.Act.Division | 18/08/2010 | DBAD/PUB | 695.00 | 954.01 KAB | EN-84292 | 1 | 695.00 | English Books | ||
| Non-fiction | Janak Puri | Janak Puri | 25/05/2012 | Allied Pub/1892/07.02.2012/21/16.01.2012/15.02.2012 | 695.00 | 954.01 KAB | B-462782 | 1 | 695.00 | English Books | |||
| Non-fiction | Karol Bagh | Karol Bagh | 24/02/2012 | RBC Pub/26777/20.10.2011/07/15.09.11/30.11.11 | 695.00 | 954.01 KAB | B-453816 | 1 | 695.00 | English Books | |||
| Non-fiction | Narela | Narela | 25/05/2012 | Allied Pub/1892/07.02.2012/21/16.01.2012/15.02.2012 | 695.00 | 954.01 KAB | B-462786 | 1 | 695.00 | English Books | |||
| Non-fiction | Patel Nagar | Patel Nagar | 24/02/2012 | RBC Pub/26777/20.10.2011/07/15.09.11/30.11.11 | 695.00 | 954.01 KAB | B-453814 | 1 | 695.00 | English Books | |||
| Non-fiction | R.K.Puram-8 | R.K.Puram-8 | 25/05/2012 | Allied Pub/1892/07.02.2012/21/16.01.2012/15.02.2012 | 695.00 | 954.01 KAB | B-462783 | 1 | 695.00 | English Books | |||
| Non-fiction | Sarojini Nagar | Sarojini Nagar | 24/02/2012 | RBC Pub/26777/20.10.2011/07/15.09.11/30.11.11 | 695.00 | 954.01 KAB | B-453815 | 1 | 695.00 | English Books | |||
| Non-fiction | Shahdara Branch | Shahdara Branch | 24/02/2012 | RBC Pub/26777/20.10.2011/07/15.09.11/30.11.11 | 695.00 | 954.01 KAB | B-453817 | 1 | 695.00 | English Books | |||
| Non-fiction | Vinoba Puri | Vinoba Puri | 25/05/2012 | Allied Pub/1892/07.02.2012/21/16.01.2012/15.02.2012 | 695.00 | 954.01 KAB | B-462785 | 1 | 695.00 | English Books |
